[Event "39th WCh U20 Girls"]
[Site "Mexico City MEX"]
[Date "2023.10.01"]
[Round "11.2"]
[White "Yip, Carissa"]
[Black "Kanyamarala, Trisha"]
[Result "1-0"]
[WhiteElo "2372"]
[BlackElo "2184"]
[EventDate "2023.09.21"]
[PlyCount "147"]

1.e4 c5 2.Nf3 d6 3.d4 cxd4 4.Nxd4 Nf6 5.Nc3 Nc6 6.Bg5 e6 7.Qd2 a6 8.O-O-O 
Bd7 9.f3 Nxd4 10.Qxd4 Be7 11.h4 h6 12.Be3 h5 13.Be2 b5 14.g4 e5 15.Qd3 b4 
16.Nd5 Nxd5 17.exd5 Bxh4 18.gxh5 Bg5 19.Rdg1 Bxe3+ 20.Qxe3 Qf6 21.Qb6 a5 
22.Bb5 Bxb5 23.Qxb5+ Kf8 24.Kb1 Rh6 25.Qc6 Qd8 26.Qc4 Qf6 27.Qg4 Rh7 28.
Rh3 Rb8 29.Qd7 Rd8 30.Qc7 Ra8 31.Rg4 Re8 32.Re4 Qd8 33.Qc6 Rh6 34.b3 Qg5 
35.Qd7 Qg1+ 36.Kb2 Qc5 37.Qb7 Qc3+ 38.Kb1 Rc8 39.Re2 e4 40.Qd7 Rf6 41.f4 
Qc5 42.Qg4 Re8 43.Rg2 Qxd5 44.Qxg7+ Ke7 45.Rg1 Qe6 46.Rh4 Rc8 47.Re1 d5 
48.h6 Rg6 49.Qd4 Qf6 50.Qa7+ Kf8 51.Rhh1 Rxc2 52.Qa8+ Ke7 53.Rxe4+ dxe4 
54.Qxe4+ Qe6 55.Qxe6+ Kxe6 56.Kxc2 Rg8 57.h7 Rh8 58.Kd3 Kf5 59.Rh4 Kg6 60.
Kc4 Kg7 61.Kb5 Rb8+ 62.Kxa5 Kh8 63.f5 Ra8+ 64.Kxb4 Rxa2 65.Kb5 Rg2 66.Rh5 
f6 67.b4 Rg5 68.Rxg5 fxg5 69.Kc4 g4 70.Kd3 Kxh7 71.b5 g3 72.Ke2 Kg7 73.b6 
g2 74.Kf2 1-0

[Event "39th WCh U20 Girls"]
[Site "Mexico City MEX"]
[Date "2023.10.01"]
[Round "11.3"]
[White "Bommini, Mounika Akshaya"]
[Black "Mkrtchian, Mariam"]
[Result "0-1"]
[WhiteElo "2096"]
[BlackElo "2343"]
[EventDate "2023.09.21"]
[PlyCount "88"]

1.Nf3 d5 2.e3 e6 3.b3 Nf6 4.Bb2 Be7 5.c4 O-O 6.d4 b6 7.Bd3 Bb7 8.Nbd2 c5 
9.O-O Nbd7 10.Qe2 Ne4 11.Rfd1 f5 12.dxc5 Ndxc5 13.Bc2 Bf6 14.Ne5 Qc7 15.f4
Rad8 16.Ndf3 dxc4 17.bxc4 g5 18.h3 Qg7 19.Rxd8 Rxd8 20.Rd1 Rxd1+ 21.Qxd1 
gxf4 22.exf4 Qg3 23.Qe1 Qxf4 24.Bc1 Qg3 25.Qxg3+ Nxg3 26.Kf2 Nge4+ 27.Ke1 
Nd6 28.Be3 Bxe5 29.Nxe5 Bxg2 30.h4 Be4 31.Bb3 Nf7 32.Bxc5 Nxe5 33.Bd6 Nd7 
34.Kd2 Kf7 35.Ke3 e5 36.Ba4 Ke6 37.Bc7 Nc5 38.Bb5 f4+ 39.Kf2 Bd3 40.Kf3 
Kf5 41.Bd8 e4+ 42.Kf2 Kg4 43.Be7 e3+ 44.Ke1 f3 0-1

[Event "39th WCh U20 Girls"]
[Site "Mexico City MEX"]
[Date "2023.10.01"]
[Round "11.4"]
[White "Mikheeva, Galina"]
[Black "Lu Miaoyi"]
[Result "1-0"]
[WhiteElo "1969"]
[BlackElo "2214"]
[EventDate "2023.09.21"]
[PlyCount "109"]

1.e4 c5 2.Nf3 Nc6 3.Bb5 g6 4.O-O Bg7 5.Re1 e5 6.Nc3 Nge7 7.a3 O-O 8.Bc4 d6
9.d3 h6 10.Rb1 a6 11.b4 b5 12.Bd5 Nxd5 13.Nxd5 cxb4 14.axb4 Ne7 15.c4 Nxd5
16.cxd5 f5 17.Rb3 g5 18.Bb2 fxe4 19.dxe4 g4 20.Nd2 Ra7 21.Nf1 Raf7 22.Re2 
a5 23.bxa5 Qxa5 24.Qd2 Qb6 25.Qe3 Qd8 26.Rc2 Bf6 27.Ba3 Bh4 28.Qxh6 b4 29.
Bxb4 Bd7 30.Rbb2 Ba4 31.Qg6+ Kh8 32.Qh6+ Kg8 33.Qg6+ Kh8 34.Rd2 Bxf2+ 35.
Rxf2 Rxf2 36.Qh5+ Kg7 37.Qxg4+ Kh7 38.Qh3+ Kg8 39.Qg3+ Kh7 40.Rxf2 Rf4 41.
Bd2 Rxf2 42.Qxf2 Be8 43.Ng3 Bg6 44.Nf5 Kg8 45.h3 Qb8 46.Ne7+ Kg7 47.Nxg6 
Kxg6 48.Qf5+ Kg7 49.Bg5 Qb1+ 50.Kh2 Kg8 51.Be7 Kg7 52.Qf6+ Kh7 53.Qf7+ Kh6
54.Bf8+ Kg5 55.Qf5+ 1-0

[Event "39th WCh U20 Girls"]
[Site "Mexico City MEX"]
[Date "2023.10.01"]
[Round "11.5"]
[White "Walter, Ema"]
[Black "Obregon Garcia, Roxangel"]
[Result "1-0"]
[WhiteElo "2063"]
[BlackElo "2171"]
[EventDate "2023.09.21"]
[PlyCount "57"]

1.e4 c5 2.Nf3 d6 3.d4 cxd4 4.Qxd4 Nc6 5.Bb5 Bd7 6.Bxc6 Bxc6 7.Nc3 Nf6 8.
Bg5 e6 9.O-O-O Be7 10.Rhe1 O-O 11.Kb1 h6 12.Bc1 b5 13.Qd3 b4 14.Nd4 Bb7 
15.Na4 d5 16.e5 Ne4 17.Qf1 Qa5 18.b3 Rfc8 19.Re3 Ba6 20.Qe1 Rc7 21.f3 Nc3+
22.Nxc3 bxc3 23.f4 Rac8 24.Rg3 Ba3 25.Qe3 Bxc1 26.Qxc1 Kh7 27.f5 exf5 28.
Nxf5 Rg8 29.Rxg7+ 1-0

[Event "39th WCh U20 Girls"]
[Site "Mexico City MEX"]
[Date "2023.10.01"]
[Round "11.6"]
[White "Castellanos Hernandez, Lhia Itzayana"]
[Black "Hryzlova, Sofiia"]
[Result "1-0"]
[WhiteElo "1890"]
[BlackElo "2228"]
[EventDate "2023.09.21"]
[PlyCount "71"]

1.e4 d6 2.d4 Nf6 3.Nc3 Nbd7 4.g4 h6 5.h3 c5 6.Nge2 b5 7.Bg2 Bb7 8.Ng3 b4 
9.Nce2 cxd4 10.Nxd4 e5 11.Ndf5 Nc5 12.O-O g6 13.Ne3 Ne6 14.Nd5 Nxd5 15.
exd5 Nc5 16.f4 Bg7 17.f5 Qc7 18.f6 Bf8 19.a3 a5 20.axb4 axb4 21.Rxa8+ Bxa8
22.Qe2 h5 23.g5 h4 24.Nh1 Qa5 25.Bd2 Bb7 26.Qe1 Qb6 27.Kh2 Ba6 28.Rf4 b3 
29.Rb4 Qc7 30.Qc1 bxc2 31.Qxc2 Bb7 32.Rb5 Ba6 33.Ba5 Qc8 34.Rb6 Rh5 35.b4 
Nd3 36.Qa4+ 1-0

[Event "39th WCh U20 Girls"]
[Site "Mexico City MEX"]
[Date "2023.10.01"]
[Round "11.7"]
[White "Hernandez Gil, Ineymig"]
[Black "Sultanbek, Zeinep"]
[Result "1/2-1/2"]
[WhiteElo "2170"]
[BlackElo "2022"]
[EventDate "2023.09.21"]
[PlyCount "203"]

1.e4 c5 2.Nf3 d6 3.Bb5+ Nd7 4.a4 Nf6 5.Nc3 g6 6.a5 Bg7 7.O-O O-O 8.Re1 a6 
9.Bf1 b5 10.axb6 Bb7 11.d3 Qxb6 12.h3 Rfb8 13.Ra2 Bc6 14.b3 a5 15.Na4 Qd8 
16.Bd2 Nb6 17.Nxb6 Qxb6 18.Bc3 a4 19.bxa4 Rxa4 20.Rxa4 Bxa4 21.Qd2 Bc6 22.
Ba1 Ra8 23.e5 Nd7 24.d4 Bxf3 25.gxf3 cxd4 26.Bxd4 Qc7 27.e6 fxe6 28.Rxe6 
Nf8 29.Re1 Rc8 30.Bxg7 Kxg7 31.Bd3 e5 32.f4 Re8 33.Qe3 Re7 34.h4 Qd7 35.f5
Rf7 36.f4 Re7 37.Kh2 Qa4 38.f6+ Kxf6 39.fxe5+ Rxe5 40.Qf2+ Kg7 41.Rf1 Ne6 
42.Qf6+ Kh6 43.Bxg6 Re2+ 44.Kh1 Qd4 45.Bf7+ Qxf6 46.Rxf6+ Kg7 47.Rxe6 Rxc2
48.Be8 d5 49.h5 d4 50.h6+ Kf8 51.Bg6 hxg6 52.Re8+ Kxe8 53.h7 Kf7 54.h8=Q 
Rc5 55.Qxd4 Rf5 56.Kg2 Kf8 57.Kg3 Kf7 58.Kg4 Kf8 59.Qd6+ Kg7 60.Qe7+ Kg8 
61.Qd7 Kh8 62.Qd6 Kg7 63.Qe6 Kh7 64.Qe7+ Kg8 65.Qh4 Kg7 66.Qh2 Rf7 67.Qb2+
Kh7 68.Qb3 Rf5 69.Qb7+ Kg8 70.Qc7 Kh8 71.Qc1 Kg7 72.Qd2 Kh7 73.Qe3 Kg7 74.
Qe8 Kh7 75.Qa8 Kg7 76.Qh1 Rf7 77.Qh3 Rf5 78.Qb3 Kh7 79.Qc3 Kg8 80.Kh4 Rh5+
81.Kg3 Rf5 82.Qc7 Kh8 83.Qe7 Kg8 84.Qh4 Kg7 85.Qd4+ Kh7 86.Qd6 Kg7 87.Qe7+
Kg8 88.Qe4 Kg7 89.Qh4 Rf7 90.Kg4 Rf5 91.Qh2 Rf7 92.Qd2 Rf5 93.Qb2+ Kh7 94.
Qa1 Kg8 95.Qa2+ Kg7 96.Qb2+ Kh7 97.Qc3 Kg8 98.Qd2 Kg7 99.Qe3 Kh7 100.Qa7+ 
Kg8 101.Qb7 Kh8 102.Qc7 1/2-1/2

[Event "39th WCh U20 Girls"]
[Site "Mexico City MEX"]
[Date "2023.10.01"]
[Round "11.8"]
[White "Ter-Avetisjana, Agnesa Stepania"]
[Black "Rakshitta, Ravi"]
[Result "1/2-1/2"]
[WhiteElo "2080"]
[BlackElo "2272"]
[EventDate "2023.09.21"]
[PlyCount "60"]

1.d4 Nf6 2.Nf3 e6 3.e3 b6 4.Bd3 Bb7 5.O-O c5 6.c4 Be7 7.Nc3 d6 8.Re1 Nbd7 
9.Bc2 cxd4 10.exd4 Rc8 11.d5 e5 12.b3 g6 13.h3 O-O 14.Bh6 Re8 15.Qd2 Nh5 
16.Rac1 Ng7 17.Bg5 f6 18.Bh6 a6 19.a4 Rc7 20.Be3 f5 21.Bh6 Bf6 22.Bb1 Bc8 
23.Na2 Nc5 24.Bc2 Bd7 25.Nc3 Bc8 26.b4 Nd7 27.Bb3 Bb7 28.Ra1 e4 29.Nd4 Ne5
30.Nc6 Qd7 1/2-1/2

[Event "39th WCh U20 Girls"]
[Site "Mexico City MEX"]
[Date "2023.10.01"]
[Round "11.9"]
[White "Ciolacu, Alessia-Mihaela"]
[Black "Vanduyfhuys, Daria"]
[Result "1/2-1/2"]
[WhiteElo "2199"]
[BlackElo "2088"]
[EventDate "2023.09.21"]
[PlyCount "149"]

1.d4 Nf6 2.c4 e6 3.Nc3 d5 4.Nf3 Be7 5.Bf4 O-O 6.e3 c6 7.Be2 Nbd7 8.Rc1 
dxc4 9.Bxc4 b5 10.Bd3 a6 11.e4 Bb7 12.e5 Nd5 13.Nxd5 exd5 14.h4 Re8 15.Ng5
Nf8 16.Qh5 g6 17.Qg4 h6 18.Nf3 h5 19.Qg3 Qd7 20.O-O Rac8 21.Rfe1 Bb4 22.
Re2 Ne6 23.Bh6 Kh7 24.Bg5 Bf8 25.Bd2 c5 26.Ng5+ Nxg5 27.Qxg5 Qg4 28.dxc5 
Qxg5 29.Bxg5 Rxc5 30.Rec2 Rec8 31.Be3 Rxc2 32.Rxc2 Rxc2 33.Bxc2 Kg8 34.g3 
Bg7 35.Bd4 Kf8 36.f4 Bc8 37.Kf2 Ke7 38.Ke3 Bg4 39.Bd3 Ke6 40.Bf1 Bf8 41.a3
Kd7 42.Bd3 Kc6 43.b4 Be7 44.Bf1 Bf8 45.Bg2 Be6 46.Bf3 Be7 47.Kd2 Bf8 48.
Kc3 Be7 49.Ba7 Bf8 50.Kd4 Be7 51.Bc5 Bd8 52.Ke3 Bc7 53.Kd4 Bd8 54.f5 gxf5 
55.Bxh5 f4 56.gxf4 Bxh4 57.Ke3 Kd7 58.Bd4 Ke7 59.Bf3 Bg3 60.Bb2 Bh2 61.f5 
Bxf5 62.Bxd5 Bg1+ 63.Kf4 Bc8 64.Ke4 Bh3 65.Kd3 Bf5+ 66.Ke2 Bc8 67.Kf3 Bb6 
68.Kf4 Be6 69.Bb7 a5 70.Ke4 axb4 71.axb4 Bh3 72.Ba6 Bg2+ 73.Kf5 Bh3+ 74.
Ke4 Bg2+ 75.Kf5 1/2-1/2

[Event "39th WCh U20 Girls"]
[Site "Mexico City MEX"]
[Date "2023.10.01"]
[Round "11.10"]
[White "Djidjeli, Sarah"]
[Black "Getman, Tatyana"]
[Result "1/2-1/2"]
[WhiteElo "2058"]
[BlackElo "2172"]
[EventDate "2023.09.21"]
[PlyCount "87"]

1.e4 c5 2.Nf3 Nc6 3.Bb5 g6 4.c3 Nf6 5.Qe2 a6 6.Bxc6 bxc6 7.O-O Bg7 8.d3 
O-O 9.h3 d6 10.Nbd2 e5 11.Nc4 h6 12.Rd1 Re8 13.b3 Be6 14.Rb1 Qe7 15.Bd2 
Nh5 16.Re1 Rad8 17.a3 Qc7 18.b4 Nf4 19.Bxf4 exf4 20.Qc2 d5 21.Ncd2 Qa7 22.
bxc5 Qxc5 23.d4 Qa5 24.Qc1 dxe4 25.Nxe4 Qf5 26.Ned2 c5 27.dxc5 Qxc5 28.Ne4
Qc7 29.c4 Bf5 30.Nfd2 f3 31.g4 Bxg4 32.hxg4 Qf4 33.Ng3 Qxg4 34.Rxe8+ Rxe8 
35.Qd1 Re3 36.Nf1 Re8 37.Nh2 Qxc4 38.Qxf3 h5 39.Kg2 a5 40.Qb3 Qc6+ 41.Qf3 
Qc4 42.Qb3 Qc6+ 43.Qf3 Qc4 44.Qb3 1/2-1/2

[Event "39th WCh U20 Girls"]
[Site "Mexico City MEX"]
[Date "2023.10.01"]
[Round "11.11"]
[White "Diaz Charpentier, Kristel Meliss"]
[Black "Rodriguez Redondo, Adhara"]
[Result "1/2-1/2"]
[WhiteElo "1951"]
[BlackElo "2135"]
[EventDate "2023.09.21"]
[PlyCount "131"]

1.d4 Nf6 2.c4 e6 3.Nc3 Bb4 4.Qc2 d5 5.cxd5 exd5 6.Bg5 h6 7.Bh4 O-O 8.e3 c5
9.Nf3 Be6 10.Be2 Nbd7 11.a3 Bxc3+ 12.bxc3 Rc8 13.Qb2 Qa5 14.O-O g5 15.Bg3 
Ne4 16.Rfc1 Nb6 17.Qb5 Qxb5 18.Bxb5 g4 19.dxc5 Rxc5 20.Nd4 Nxg3 21.hxg3 
Rfc8 22.Be2 Bd7 23.a4 Rxc3 24.Rcb1 R8c7 25.a5 Nc8 26.Nb5 Bxb5 27.Rxb5 R3c5
28.Rxc5 Rxc5 29.Bxg4 Nd6 30.Kf1 Ne4 31.a6 b6 32.Be2 Kf8 33.Ke1 Ke7 34.g4 
Kf6 35.f3 Nd6 36.Bd3 Nc4 37.e4 Ne5 38.Kd2 Nxd3 39.Kxd3 dxe4+ 40.Kxe4 Rc2 
41.g3 Kg5 42.Kd5 Rc3 43.Ke4 Kf6 44.Rh1 Kg6 45.Ra1 Rc5 46.Kd4 h5 47.gxh5+ 
Rxh5 48.g4 Rh2 49.Kd5 Rc2 50.f4 Rc5+ 51.Kd4 Kf6 52.Ra2 Ke6 53.Re2+ Kd6 54.
Re5 Rc1 55.Rd5+ Ke7 56.Re5+ Kf8 57.Rd5 Ra1 58.Ke5 Kg7 59.Rd7 Rxa6 60.g5 
Ra5+ 61.Ke4 Ra1 62.f5 Re1+ 63.Kf4 Rf1+ 64.Ke5 Re1+ 65.Kf4 Rf1+ 66.Ke4 
1/2-1/2

[Event "39th WCh U20 Girls"]
[Site "Mexico City MEX"]
[Date "2023.10.01"]
[Round "11.12"]
[White "Moracchini, Margaux"]
[Black "Goraj, Barbara"]
[Result "0-1"]
[WhiteElo "1897"]
[BlackElo "2135"]
[EventDate "2023.09.21"]
[PlyCount "68"]

1.g3 d5 2.d4 Nf6 3.Bg2 e6 4.c4 c6 5.cxd5 exd5 6.Nf3 Bd6 7.Qc2 O-O 8.O-O 
Re8 9.Nc3 Bg4 10.Bg5 h6 11.Bxf6 Qxf6 12.Rad1 Nd7 13.Rd2 Qe6 14.Nh4 g5 15.
Nf3 Nf6 16.Ne1 Bf5 17.Qb3 Re7 18.e3 Kg7 19.Nd3 b6 20.Re1 h5 21.Qa4 Qd7 22.
b4 b5 23.Qb3 h4 24.Rc1 hxg3 25.hxg3 Rh8 26.Nc5 Bxc5 27.dxc5 Bh3 28.Bf3 Qf5
29.Qd1 Qh7 30.Rd4 Bg4 31.Rb1 Ne4 32.Rxe4 dxe4 33.Qd4+ f6 34.Bxe4 Rxe4 0-1

[Event "39th WCh U20 Girls"]
[Site "Mexico City MEX"]
[Date "2023.10.01"]
[Round "11.13"]
[White "Skaslien, Ingrid"]
[Black "Zhang Xiao"]
[Result "1/2-1/2"]
[WhiteElo "1919"]
[BlackElo "2128"]
[EventDate "2023.09.21"]
[PlyCount "73"]

1.d4 Nf6 2.c4 e6 3.Nc3 Bb4 4.a3 Bxc3+ 5.bxc3 c5 6.e3 O-O 7.Bd3 Nc6 8.Ne2 
b6 9.e4 Ne8 10.O-O Ba6 11.f4 f5 12.Ng3 g6 13.Be3 d6 14.Qe2 Rc8 15.d5 fxe4 
16.Nxe4 exd5 17.cxd5 Bxd3 18.Qxd3 Ne7 19.f5 Rxf5 20.Bg5 Qd7 21.c4 b5 22.
Qg3 bxc4 23.Bxe7 Rxf1+ 24.Rxf1 Qxe7 25.Qf4 Nc7 26.Nf6+ Kh8 27.Qxc4 Qe3+ 
28.Kh1 Qd4 29.Qb3 Rf8 30.Qh3 Rxf6 31.Qc8+ Kg7 32.Qd7+ Kh6 33.Qh3+ Kg5 34.
Qg3+ Kh6 35.Qh3+ Kg7 36.Qd7+ Kh6 37.Qh3+ 1/2-1/2

[Event "39th WCh U20 Girls"]
[Site "Mexico City MEX"]
[Date "2023.10.01"]
[Round "11.14"]
[White "Demchenko, Svitlana"]
[Black "Castillo Beitia, Ashley Alexandra"]
[Result "1/2-1/2"]
[WhiteElo "2169"]
[BlackElo "1870"]
[EventDate "2023.09.21"]
[PlyCount "138"]

1.d4 d5 2.Nf3 c6 3.Bf4 Bf5 4.e3 e6 5.Bd3 Bg6 6.O-O Bd6 7.Ne5 Ne7 8.Nd2 
Bxd3 9.Nxd3 Ng6 10.c3 f6 11.Bxd6 Qxd6 12.e4 O-O 13.Re1 Nd7 14.Qb3 b5 15.
exd5 exd5 16.Ne4 Qc7 17.Re3 Nb6 18.Nec5 Rfe8 19.Ne6 Qd6 20.Rae1 Nc4 21.
R3e2 Re7 22.Qb4 Rae8 23.Qxd6 Nxd6 24.Kf1 Ne4 25.Nec5 Kf7 26.Nb3 Nd6 27.Na5
Rc8 28.Nb4 Rxe2 29.Rxe2 Ne7 30.Ke1 g5 31.f3 h5 32.h3 Nc4 33.Nb7 a5 34.Na6 
Ra8 35.Nac5 Nf5 36.b3 Ncd6 37.g4 hxg4 38.hxg4 Nxb7 39.Nxb7 Ng7 40.Nd6+ Kf8
41.Kd2 Ra7 42.Rh2 Rd7 43.Rh8+ Ke7 44.Nf5+ Nxf5 45.gxf5 Kd6 46.Rf8 Ke7 47.
Ra8 Kd6 48.Rxa5 Rh7 49.Ke3 Rh2 50.Ra7 Rc2 51.Rf7 Rxc3+ 52.Ke2 Rc2+ 53.Kd3 
Rxa2 54.Rxf6+ Kd7 55.Rg6 Rb2 56.Kc3 Rf2 57.Rxg5 Rxf3+ 58.Kb4 Rd3 59.Kc5 
Rc3+ 60.Kb6 Rxb3 61.Rg7+ Kd6 62.Rg6+ Kd7 63.Rxc6 Rb4 64.Rc7+ Ke8 65.Rc5 
Rxd4 66.Rxb5 Kf7 67.Kc6 Kf6 68.Rxd5 Rxd5 69.Kxd5 Kxf5 1/2-1/2

[Event "39th WCh U20 Girls"]
[Site "Mexico City MEX"]
[Date "2023.10.01"]
[Round "11.15"]
[White "Yedigarian, Asya"]
[Black "Mogollon Tobar, Nicolle Julieth"]
[Result "0-1"]
[WhiteElo "1786"]
[BlackElo "1943"]
[EventDate "2023.09.21"]
[PlyCount "58"]

1.e4 e6 2.d4 d5 3.Nc3 Bb4 4.e5 b6 5.Qg4 Bf8 6.Bg5 Ne7 7.O-O-O Ba6 8.Bxa6 
Nxa6 9.f4 h6 10.Bh4 Qd7 11.Qe2 Nb4 12.Nf3 c5 13.a3 Nbc6 14.dxc5 bxc5 15.
Bf2 d4 16.Ne4 Nd5 17.f5 exf5 18.Nd6+ Bxd6 19.exd6+ Kf8 20.Ne5 Qxd6 21.Nc4 
Qf4+ 22.Nd2 Re8 23.Qb5 Qxf2 24.Qxc6 Ne3 25.Qxc5+ Kg8 26.Rde1 Rd8 27.g3 g6 
28.Nb3 Kh7 29.Nxd4 Rxd4 0-1

[Event "39th WCh U20 Girls"]
[Site "Mexico City MEX"]
[Date "2023.10.01"]
[Round "11.16"]
[White "Lopez Rayo, Isabella"]
[Black "Mayorga Araya, Sofia"]
[Result "1-0"]
[WhiteElo "1876"]
[BlackElo "1825"]
[EventDate "2023.09.21"]
[PlyCount "121"]

1.e4 c5 2.Nf3 d6 3.d4 cxd4 4.Nxd4 Nf6 5.Nc3 a6 6.f3 e5 7.Nb3 Be7 8.Be3 Be6
9.Qd2 h5 10.Nd5 Nxd5 11.exd5 Bf5 12.Bd3 Bxd3 13.Qxd3 Bg5 14.O-O-O Nd7 15.
Qd2 Bxe3 16.Qxe3 Qf6 17.Kb1 Qg6 18.Rhg1 Rc8 19.Rd2 Nf6 20.Qb6 O-O 21.Qxb7 
e4 22.Qb6 Qg5 23.Qd4 e3 24.Re2 Rfe8 25.c4 h4 26.Ka1 Nh5 27.Rge1 Nf4 28.
Rxe3 Rxe3 29.Qxe3 Rxc4 30.g3 hxg3 31.hxg3 Qxg3 32.Qe8+ Kh7 33.Rh1+ Nh3 34.
Qxf7 Rh4 35.Qf5+ Qg6 36.Nd4 Rh5 37.Qg4 Nf4 38.Rxh5+ Nxh5 39.Nf5 Qxg4 40.
fxg4 Nf6 41.Nxd6 Nxd5 42.Ne4 Ne3 43.Nf2 Kg6 44.a4 Kg5 45.Ka2 Nxg4 46.Nxg4 
Kxg4 47.b4 g5 48.b5 axb5 49.axb5 Kf3 50.b6 g4 51.b7 g3 52.b8=Q g2 53.Qh2 
Kf2 54.Qf4+ Ke2 55.Qg3 Kf1 56.Qf3+ Kg1 57.Kb2 Kh1 58.Qh3+ Kg1 59.Kc2 Kf1 
60.Kd2 Kg1 61.Ke3 1-0

[Event "39th WCh U20 Girls"]
[Site "Mexico City MEX"]
[Date "2023.10.01"]
[Round "11.17"]
[White "Mikic, Ivana"]
[Black "Tomasi, Elise"]
[Result "0-1"]
[WhiteElo "1836"]
[BlackElo "2021"]
[EventDate "2023.09.21"]
[PlyCount "84"]

1.e4 e5 2.Nf3 Nf6 3.Nxe5 d6 4.Nf3 Nxe4 5.Nc3 Nxc3 6.dxc3 Be7 7.Bc4 Nd7 8.
Be3 Nf6 9.Qd2 c6 10.Bd3 O-O 11.c4 c5 12.O-O Bg4 13.Ng5 b5 14.cxb5 d5 15.
Be2 Bf5 16.c4 h6 17.Nf3 d4 18.Bf4 g5 19.Bg3 Ne4 20.Qd1 d3 21.Ne5 dxe2 22.
Qxe2 Bd6 23.Rfd1 Nxg3 24.hxg3 Re8 25.Qf3 Be6 26.Qc6 Bxe5 27.Rxd8 Raxd8 28.
Qxc5 Bxb2 29.Rb1 Bd4 30.Qb4 Rc8 31.Rc1 Bc5 32.Qb3 Bg4 33.Kf1 Rcd8 34.Qc3 
Re2 35.f3 Rdd2 36.fxg4 Rxg2 37.Qxd2 Rxd2 38.a4 Ra2 39.a5 Rxa5 40.Ke2 Ra3 
41.Rh1 Kg7 42.Kd2 Rxg3 0-1

[Event "39th WCh U20 Girls"]
[Site "Mexico City MEX"]
[Date "2023.10.01"]
[Round "11.18"]
[White "Sosovickova, Jana"]
[Black "Koksa, Jelena"]
[Result "0-1"]
[WhiteElo "2045"]
[BlackElo "1748"]
[EventDate "2023.09.21"]
[PlyCount "110"]

1.e4 e5 2.Nf3 Nc6 3.Bc4 Bc5 4.c3 Nf6 5.d4 exd4 6.e5 d5 7.Bb5 Ne4 8.cxd4 
Bb4+ 9.Nbd2 Nxd2 10.Bxd2 Bxd2+ 11.Qxd2 Bd7 12.Bxc6 Bxc6 13.O-O O-O 14.Rac1
Bd7 15.Qc3 c6 16.Nd2 Rc8 17.f4 b6 18.b4 Bf5 19.Nb3 Re8 20.Qe3 Re6 21.Rc3 
Rg6 22.Qf2 h5 23.Rg3 Rxg3 24.Qxg3 Qe7 25.a3 h4 26.Qe3 Qe6 27.Rc1 Qg6 28.
Nd2 h3 29.g3 Bg4 30.Nf3 Qe6 31.Ne1 Bf5 32.Nd3 Qe7 33.Nf2 Qd7 34.Qf3 c5 35.
g4 Be4 36.Nxe4 dxe4 37.Qxe4 cxd4 38.Rxc8+ Qxc8 39.Qxd4 Qxg4+ 40.Kf2 Qg2+ 
41.Ke1 Qh1+ 42.Ke2 Qxh2+ 43.Qf2 Qh1 44.Qf3 Qxf3+ 45.Kxf3 g5 46.fxg5 Kg7 
47.Kg3 Kg6 48.Kxh3 Kxg5 49.a4 Kf5 50.a5 Kxe5 51.Kg4 Kd4 52.Kf5 Kc4 53.axb6
axb6 54.Kf6 Kxb4 55.Kxf7 Kc3 0-1

[Event "39th WCh U20 Girls"]
[Site "Mexico City MEX"]
[Date "2023.10.01"]
[Round "11.19"]
[White "Hernandez Diaz, Paula Sofia"]
[Black "Maione, Melissa"]
[Result "1-0"]
[WhiteElo "1796"]
[BlackElo "1931"]
[EventDate "2023.09.21"]
[PlyCount "67"]

1.c4 e5 2.g3 Nf6 3.Bg2 g6 4.Nc3 Bg7 5.Rb1 O-O 6.Nf3 d6 7.O-O Nc6 8.b4 Be6 
9.d3 h6 10.b5 Ne7 11.Nd2 Qc8 12.a4 Bh3 13.Qb3 Bxg2 14.Kxg2 Nh7 15.Nf3 f5 
16.c5+ Kh8 17.Ba3 Qd7 18.cxd6 cxd6 19.Nd5 Ng5 20.Nxg5 hxg5 21.Rh1 Bf6 22.
h4 g4 23.Bc1 Kg7 24.Nxf6 Kxf6 25.d4 Rad8 26.dxe5+ dxe5 27.Bg5+ Kg7 28.Rhd1
Qe8 29.Rxd8 Qxd8 30.Rd1 Qe8 31.Qe6 Ng8 32.Rd7+ Kh8 33.Qd6 Qb8 34.Qxg6 1-0

[Event "39th WCh U20 Girls"]
[Site "Mexico City MEX"]
[Date "2023.10.01"]
[Round "11.20"]
[White "Hernandez Bermudez, Manuela"]
[Black "Garcia Hernandez, Rebeca"]
[Result "0-1"]
[WhiteElo "1905"]
[BlackElo "1671"]
[EventDate "2023.09.21"]
[PlyCount "112"]

1.e4 c5 2.Nf3 d6 3.d4 cxd4 4.Nxd4 Nf6 5.Nc3 a6 6.Bg5 e6 7.f4 Be7 8.Qf3 Qc7
9.O-O-O O-O 10.g4 Nbd7 11.Rg1 b5 12.Bd3 Bb7 13.Kb1 b4 14.Nce2 Nc5 15.Bxf6 
Bxf6 16.g5 Bxd4 17.Nxd4 f5 18.gxf6 Rxf6 19.f5 Kh8 20.Qg4 e5 21.Nf3 a5 22.
Ng5 h6 23.Qh5 Raf8 24.h4 a4 25.Qg4 a3 26.b3 Bc8 27.Qg2 d5 28.exd5 Bxf5 29.
Bxf5 Rxf5 30.d6 Qd7 31.Ne4 Ne6 32.Qd2 Rb8 33.Ng3 Rf3 34.Nh5 Rf5 35.Ng3 Rf7
36.Ne4 Rf4 37.Qe1 Rf7 38.Ng3 Nd4 39.Qxe5 Nf3 40.Qd5 Nxg1 41.Rxg1 Qb7 42.
Qd2 Rd8 43.Rd1 Qf3 44.Ne2 Rfd7 45.Ng1 Qg4 46.Qe1 Qxd1+ 47.Qxd1 Rxd6 48.
Qxd6 Rxd6 49.Kc1 g5 50.hxg5 hxg5 51.Ne2 Kg7 52.Ng3 Kg6 53.c4 bxc3 54.Kc2 
Rd2+ 55.Kxc3 Rxa2 56.b4 Rg2 0-1

[Event "39th WCh U20 Girls"]
[Site "Mexico City MEX"]
[Date "2023.10.01"]
[Round "11.21"]
[White "Destic, Elena"]
[Black "Cabrera Cruz, Brenda Elisa"]
[Result "1-0"]
[WhiteElo "1904"]
[BlackElo "1682"]
[EventDate "2023.09.21"]
[PlyCount "65"]

1.e4 c5 2.Nc3 Nc6 3.Bb5 g6 4.Bxc6 bxc6 5.d3 Bg7 6.f4 d6 7.Nf3 Nf6 8.O-O 
O-O 9.Qe1 Bg4 10.Qg3 Bxf3 11.Qxf3 Rb8 12.f5 Nd7 13.h4 h6 14.Qg3 Be5 15.Bf4
Kh7 16.Bxe5 Nxe5 17.b3 Rg8 18.Qh3 Qa5 19.Nd1 g5 20.f6 e6 21.Ne3 gxh4 22.
Qxh4 Qc3 23.Rad1 Qd4 24.Qe1 Ng4 25.Rf3 Nxf6 26.c3 Qe5 27.Qh4 Rg6 28.Rdf1 
Kg7 29.Nc4 Qxc3 30.Nxd6 Qd4+ 31.Qf2 Qxd6 32.Rxf6 Rf8 33.Rxf7+ 1-0

[Event "39th WCh U20 Girls"]
[Site "Mexico City MEX"]
[Date "2023.10.01"]
[Round "11.22"]
[White "Mukul Aldana, Daniela Maria"]
[Black "Brito Carrascal, Isabela"]
[Result "1/2-1/2"]
[WhiteElo "1798"]
[BlackElo "1708"]
[EventDate "2023.09.21"]
[PlyCount "60"]

1.e4 c5 2.Nf3 e6 3.c4 Nc6 4.d4 cxd4 5.Nxd4 Nf6 6.Nc3 Bb4 7.Nxc6 bxc6 8.Bd3
d5 9.exd5 exd5 10.cxd5 Nxd5 11.O-O Nxc3 12.Qe1+ Be6 13.bxc3 Qxd3 14.cxb4 
O-O 15.Qe3 Qg6 16.Bb2 Bd5 17.Qg3 Qxg3 18.hxg3 Rfe8 19.Rfe1 Rxe1+ 20.Rxe1 
Bxa2 21.Bd4 Be6 22.Rc1 Bd5 23.Re1 h6 24.Ra1 a6 25.Bc5 Bc4 26.Bd6 Bd5 27.
Be7 Re8 28.Bc5 Ra8 29.Bd6 Rd8 30.Be7 Re8 1/2-1/2

[Event "39th WCh U20 Girls"]
[Site "Mexico City MEX"]
[Date "2023.10.01"]
[Round "11.23"]
[White "Montano Vicente, Guadalupe"]
[Black "Saravanan, Durga"]
[Result "1/2-1/2"]
[WhiteElo "1727"]
[BlackElo "1757"]
[EventDate "2023.09.21"]
[PlyCount "112"]

1.d4 Nf6 2.c4 e6 3.Nf3 d5 4.Nc3 Bb4 5.Bg5 h6 6.Bxf6 Qxf6 7.e3 O-O 8.Be2 
dxc4 9.Bxc4 c5 10.Rc1 Rd8 11.Qb3 Bxc3+ 12.Qxc3 cxd4 13.Nxd4 Nd7 14.O-O Nb6
15.Bb3 Bd7 16.Qc7 Rab8 17.Qc5 Rdc8 18.Qa5 Ra8 19.Rxc8+ Bxc8 20.Rc1 Bd7 21.
Rc7 Qd8 22.Rc5 Rc8 23.Qc3 Rxc5 24.Qxc5 Qc8 25.Qxc8+ Nxc8 26.e4 Ne7 27.f4 
Nc6 28.Nf3 Na5 29.Bd1 Kf8 30.Be2 Ke7 31.Kf2 Kd6 32.Ne5 Be8 33.Ke3 f6 34.
Nf3 Nc6 35.a3 Bd7 36.Bc4 Be8 37.Ba2 Bd7 38.Bc4 Be8 39.Kd3 Bd7 40.b4 a6 41.
Kc3 Na7 42.e5+ Kc7 43.Nd4 Nb5+ 44.Nxb5+ axb5 45.Bb3 fxe5 46.fxe5 b6 47.Kd4
Kd8 48.h4 Ke7 49.Bc2 Bc6 50.g3 Kf7 51.Bd3 Ke7 52.Ke3 Kf7 53.h5 Ke7 54.Kf4 
Kf7 55.g4 Ke7 56.Ke3 Kf7 1/2-1/2

[Event "39th WCh U20 Girls"]
[Site "Mexico City MEX"]
[Date "2023.10.01"]
[Round "11.24"]
[White "Hernandez Ortega, Carolina"]
[Black "Tec Rodas, Sofia Isavelina"]
[Result "1-0"]
[WhiteElo "1729"]
[BlackElo "1675"]
[EventDate "2023.09.21"]
[PlyCount "108"]

1.e4 e5 2.Nf3 Nc6 3.Bc4 Nf6 4.d3 Be7 5.O-O O-O 6.Re1 d6 7.c3 Na5 8.Bb5 a6 
9.Ba4 b5 10.Bc2 c5 11.Nbd2 Re8 12.Nf1 h6 13.Ng3 Nc6 14.Be3 d5 15.d4 cxd4 
16.cxd4 dxe4 17.dxe5 exf3 18.exf6 Bxf6 19.Qxf3 Bd7 20.Rad1 Ne5 21.Qe4 Ng6 
22.Qb7 Nf8 23.Be4 Qe7 24.Qxa8 Rxa8 25.Bxa8 Qb4 26.Ne4 Qxb2 27.Bc5 Be6 28.
Nxf6+ Qxf6 29.Bc6 Bg4 30.Rc1 Qxc6 31.Bxf8 Qg6 32.Re8 Kh7 33.Re3 Kg8 34.
Rce1 Kh7 35.h3 Be6 36.Rg3 Qc2 37.Bxg7 Qd2 38.Bc3 Qxa2 39.Rg7+ Kh8 40.Rxf7+
Kg8 41.Rf6 Qc4 42.Ba1 Bf7 43.Rxa6 b4 44.Rxh6 Bd5 45.Rg6+ Kf7 46.Rg7+ Kf8 
47.Rg4 Qc5 48.Rf4+ Kg8 49.Re3 Kh7 50.Be5 b3 51.Kh2 Qc1 52.Rb4 Kg6 53.Rf4 
Kh7 54.Rd4 Bc4 1-0

[Event "39th WCh U20 Girls"]
[Site "Mexico City MEX"]
[Date "2023.10.01"]
[Round "11.25"]
[White "Duque, Raquel dos Santos"]
[Black "Viana, Valeria"]
[Result "1/2-1/2"]
[WhiteElo "1728"]
[BlackElo "1620"]
[EventDate "2023.09.21"]
[PlyCount "69"]

1.c4 c6 2.Nf3 d5 3.e3 Nf6 4.d4 Bg4 5.b3 e6 6.Be2 Nbd7 7.O-O Be7 8.Nc3 O-O 
9.Bb2 b6 10.Rc1 Rc8 11.h3 Bh5 12.Re1 Re8 13.Qd2 Bd6 14.cxd5 exd5 15.Ba6 
Rc7 16.Nh2 Bg6 17.f4 Ne4 18.Nxe4 Bxe4 19.Ng4 Qe7 20.Bd3 Nf6 21.Ne5 Bb4 22.
Bc3 Ba3 23.Rc2 Bxd3 24.Qxd3 Ne4 25.Bb2 Bxb2 26.Rxb2 f6 27.Nf3 Qb4 28.Rc1 
Rec8 29.Rbc2 c5 30.dxc5 Rxc5 31.Nd4 Rxc2 32.Rxc2 Qe1+ 33.Kh2 Qg3+ 34.Kg1 
Qe1+ 35.Kh2 1/2-1/2